|
|
|
|
| LEADER |
00000naa2a2200000 4500 |
| 001 |
617577 |
| 005 |
20231215110311.0 |
| 035 |
|
|
|a (RuTPU)RU\TPU\conf\15890
|
| 090 |
|
|
|a 617577
|
| 100 |
|
|
|a 20160316d2012 k y0engy50 ba
|
| 101 |
0 |
|
|a eng
|
| 102 |
|
|
|a RU
|
| 105 |
|
|
|a y z 101zy
|
| 135 |
|
|
|a drnn ---uucaa
|
| 181 |
|
0 |
|a i
|
| 182 |
|
0 |
|a b
|
| 200 |
1 |
|
|a Application of Electron Accelerators for X-ray Fluorescence Element Analusis
|f V. I. Bespalov [et al.]
|
| 203 |
|
|
|a Текст
|c электронный
|
| 300 |
|
|
|a Title screen.
|
| 337 |
|
|
|a Adobe Reader
|
| 463 |
|
1 |
|0 (RuTPU)RU\TPU\conf\1250
|t 3rd International Congress on Radiation Physics and Chemistry of Condensed Matter, High Current Electronics and Modification of Materials with Particle Beams and Plasma Flows
|o abstracts
|f National Research Tomsk Polytechnic University (TPU)
|v [P. 115]
|d 2012
|
| 610 |
1 |
|
|a электронный ресурс
|
| 610 |
1 |
|
|a труды учёных ТПУ
|
| 701 |
|
1 |
|a Bespalov
|b V. I.
|c physicist
|c Associate Professor of Tomsk Polytechnic University, candidate of physical and mathematical sciences
|f 1946-
|g Valery Ivanovich
|3 (RuTPU)RU\TPU\pers\34855
|
| 701 |
|
1 |
|a Krechetov
|b Yu. F.
|c specialist in the field of hydrogen energy
|c Professor of Tomsk Polytechnic University, Doctor of physical and mathematical sciences
|f 1947-
|g Yuri Fedorovich
|3 (RuTPU)RU\TPU\pers\31611
|
| 701 |
|
1 |
|a Lazarenko
|b S. E.
|g Svetlana Evgenjevna
|
| 701 |
|
1 |
|a Shuvalov
|b E. N.
|c physicist
|c Engineer of Tomsk Polytechnic University, Candidate of physical and mathematical sciences
|f 1954-
|g Evgeny Nikolaevich
|3 (RuTPU)RU\TPU\pers\31616
|
| 701 |
|
1 |
|a Uglov
|b S. R.
|c physicist
|c Leading Researcher of Tomsk Polytechnic University, Candidate of Physical and Mathematical Sciences
|f 1958-
|g Sergey Romanovich
|3 (RuTPU)RU\TPU\pers\31533
|9 15694
|
| 712 |
0 |
2 |
|a National Research Tomsk Polytechnic University (TPU)
|3 (RuTPU)RU\TPU\col\18773
|
| 801 |
|
2 |
|a RU
|b 63413507
|c 20160316
|g RCR
|
| 856 |
4 |
|
|u http://www.lib.tpu.ru/fulltext/c/2012/C54/012.pdf
|
| 942 |
|
|
|c BK
|